| 000 | 00534nam a2200181Ia 4500 | ||
|---|---|---|---|
| 001 | 18496 | ||
| 005 | 20260306171635.0 | ||
| 008 | 260306s9999||||xx |||||||||||||| ||und|| | ||
| 041 | _aESP | ||
| 082 |
_a658.406 _bI455 |
||
| 100 |
_aConsorcio de Investigación Económica y Social _eAUT |
||
| 245 | 0 |
_aInnovación empresarial y comportamiento tecnológico sectorial: _bexperiencias exitosas y estudio de casos |
|
| 260 | _c2010 | ||
| 300 |
_a457 páginas : _c21 cm. |
||
| 650 | _aGEN | ||
| 654 | _aCAN | ||
| 942 |
_cLIB _dJUS _fJUS _2ddc _n |
||
| 999 |
_c18496 _d18496 |
||